=LDR 00000nam 2200000 4500 =001 INLIS000000000042808 =005 20131008015622 =008 ***********************************Ind** =035 ##$$0010-101300000000730 =041 ##$$a Ind =082 ##$$a 808.4 =090 ##$$a 808.4, Boy k =100 ##$$a Boy S. Sabarguna =245 ##$$a Karya tulis ilmiah ( KTI ) untuk mahasiswa D3 kesehatan, Dr.dr.H. Boy S. Sabarguna, MAKS =260 ##$$a 2008 $b Jakarta =300 ##$$a vii, 102 hlm., 24 cm =650 ##$$a Penulisan - Teknik =850 ##$$a NBPNMAT =990 ##$$a 21602442/BPAP-NTB/2017 =990 ##$$a 21602658/BPAP-NTB/2017 =990 ##$$a 1326413264 =990 ##$$a 21602442/BPAP-NTB/2017 =990 ##$$a 21602658/BPAP-NTB/2017 =990 ##$$a 01201713264 =990 ##$$a 83808380 =990 ##$$a 21602658/BPAP-NTB/2017 =990 ##$$a 21602442/BPAP-NTB/2017 =990 ##$$a 01201713264 =990 ##$$a 01201808380